Configurations of seven lines on the real projective plane and the root system of type E7 /
Bewaard in:
| Hoofdauteur: | |
|---|---|
| Formaat: | Artikel |
| Taal: | English |
| Onderwerpen: | |
| Tags: |
Voeg label toe
Geen labels, Wees de eerste die dit record labelt!
|
| Thư viện lưu trữ: | Thư viện Trường Đại học Đà Lạt |
|---|
| LEADER | 00857nam a2200277 4500 | ||
|---|---|---|---|
| 001 | DLU090078868 | ||
| 005 | ##20090608 | ||
| 040 | # | # | |a DLU |b eng |
| 041 | # | # | |a eng |
| 044 | # | # | |a JP |
| 100 | # | # | |a Sekiguchi, Jiro. |
| 245 | # | # | |a Configurations of seven lines on the real projective plane and the root system of type E7 / |c Jiro Sekiguchi. |
| 653 | # | # | |a Arrangements of lines |
| 653 | # | # | |a Configuration spaces |
| 653 | # | # | |a Root systems |
| 653 | # | # | |a Tetradiagrams |
| 773 | # | # | |t Journal of the Mathematical Society of Japan |g Vol. 51, no. 4 (October 1999), p. 987-1013 |
| 920 | # | # | |a Phòng Tạp chí -- Trung tâm Thông tin - Thư viện Trường Đại học Đà Lạt |
| 994 | # | # | |a DLU |
| 900 | # | # | |a True |
| 911 | # | # | |a Trương Bảo Trâm Anh |
| 925 | # | # | |a G |
| 926 | # | # | |a A |
| 927 | # | # | |a BB |
| 980 | # | # | |a Thư viện Trường Đại học Đà Lạt |